000 00709nam a2200217Ia 4500
001 17369
003 GE_BSU
008 181216s||||||||xx |||||||||||||| ||und||
040 _cGE_BSU
080 _a821.353.1-1
100 _aნონეშვილი,იოსებ
245 _aლექსები
245 _cწინასიტყვ. ავტ. შ. ფორჩხიძე;რედ.:ე.მაღრაძე;მხატვ.:შეყილაძე
260 _aთბილისი
260 _bსაბჭ.საქართველო
260 _c1976
300 _a402გვ.;20სმ
300 _e1ფ.პორტრ.
653 _aლექსები
942 _cBK
999 _c50425
_d50425